[Event "III Miedzynarodowy Memorial Ireny Warakomskiej - Open C"]
[Site "Suwalki"]
[Date "2019.08.12"]
[Round "3.5"]
[White "Sapinski, Sebastian"]
[Black "Stefaniuk, Zbigniew"]
[Result "1/2-1/2"]
[WhiteTitle ""]
[BlackTitle ""]
[WhiteElo "1495"]
[BlackElo "1467"]

1. d4 d5 2. c4 e6 3. Nf3 Nf6 4. Nc3 Be7 5. Bg5 O-O 6. e3 h6 7. Bxf6 Bxf6 8. Qc2
c6 9. Bd3 dxc4 10. Bxc4 b5 11. Bd3 Bb7 12. Ne4 Na6 13. a3 Rc8 14. Rd1 Be7 15.
O-O Nc7 16. Nc5 Bxc5 17. dxc5 Qf6 18. Nd4 Nd5 19. Be4 Rfd8 20. Bxd5 Rxd5 21. Ne2
Rcd8 22. Rxd5 Rxd5 23. b4 Qd8 24. Nc3 Rd2 25. Qc1 f5 26. Rd1 Rxd1+ 27. Qxd1 Qxd1+
28. Nxd1 e5 29. e4 Bc8 30. f3 Kf7 31. Kf2 g6 32. g3 Kf6 33. Ke3 Be6 34. Nb2 a6
35. Nd3 Bc4 36. Nf2 Be6 1/2-1/2

[Event "III Miedzynarodowy Memorial Ireny Warakomskiej - Open C"]
[Site "Suwalki"]
[Date "2019.08.12"]
[Round "3.6"]
[White "Wojdak, Karol"]
[Black "Ptaszynski, Szymon "]
[Result "1/2-1/2"]
[WhiteTitle ""]
[BlackTitle ""]
[WhiteElo "1457"]
[BlackElo "1484"]

1. e4 c5 2. Nf3 e6 3. d4 cxd4 4. Nxd4 a6 5. Nc3 Qc7 6. Be3 Nf6 7. Bd3 d6 8. f3
Nbd7 9. Qd2 b6 10. Nb3 Bb7 11. O-O-O Rb8 12. g4 Nc5 13. Be2 Nfd7 14. Bf4 e5 15.
Be3 Nxb3+ 16. cxb3 Nc5 17. Kb1 Be7 18. Nd5 Bxd5 19. Qxd5 b5 20. Rc1 Qb7 21. Qd2
O-O 22. h4 Ne6 23. Rc2 Rfc8 24. Rhc1 Kf8 25. h5 Rxc2 26. Rxc2 1/2-1/2

[Event "III Miedzynarodowy Memorial Ireny Warakomskiej - Open C"]
[Site "Suwalki"]
[Date "2019.08.12"]
[Round "3.7"]
[White "Kitewski, Bartosz"]
[Black "Businski, Karol"]
[Result "1-0"]
[WhiteTitle ""]
[BlackTitle ""]
[WhiteElo "1479"]
[BlackElo "1441"]

1. d4 Nf6 2. c4 g6 3. Nc3 Bg7 4. e4 d6 5. Nf3 O-O 6. Be2 Nc6 7. O-O e5 8. d5 Ne7
9. Ne1 c6 10. Nd3 cxd5 11. cxd5 Ne8 12. Be3 f5 13. f3 Nf6 14. Rc1 a6 15. Qb3 Kh8
16. Bb6 Qe8 17. Nf2 Nd7 18. Bc7 Nc5 19. Qb6 Bd7 20. Bxd6 Na4 21. Nxa4 Bxa4 22.
Qxb7 Rf7 23. Bxe7 Rxe7 24. Qb4 Rb8 25. Qc3 Bb5 26. Bxb5 axb5 27. a3 Reb7 28. b4
Ra7 29. Qb3 Rba8 30. Rc3 Qe7 31. Qb2 h6 32. Nd3 fxe4 33. fxe4 Qg5 34. Nc5 Kh7
35. Rg3 Qh4 36. Rh3 Qg4 37. Ne6 Re8 38. Qf2 Ree7 1-0

[Event "III Miedzynarodowy Memorial Ireny Warakomskiej - Open C"]
[Site "Suwalki"]
[Date "2019.08.12"]
[Round "3.8"]
[White "Pieczulis, Blazej"]
[Black "Tomicki, Marek "]
[Result "1/2-1/2"]
[WhiteTitle ""]
[BlackTitle ""]
[WhiteElo "1439"]
[BlackElo "1471"]

1. d4 d5 2. Nf3 Nf6 3. e3 e6 4. c4 Be7 5. Nc3 O-O 6. Bd3 dxc4 7. Bxc4 a6 8. O-O
b5 9. Bd3 Bb7 10. Qe2 Nbd7 11. e4 c5 12. e5 Nd5 13. Qe4 g6 14. Bh6 Re8 15. Qe2
cxd4 16. Nxd5 Bxd5 17. Rfe1 Nc5 18. b3 Nxd3 19. Qxd3 Rc8 20. Nxd4 Bg5 21. Bxg5
Qxg5 22. Nf3 Bxf3 23. Qxf3 Rc2 24. g3 Rec8 25. Re2 Rc1+ 26. Rxc1 Rxc1+ 27. Kg2
Ra1 28. Qd3 Qc1 29. Qd8+ Kg7 1/2-1/2

[Event "III Miedzynarodowy Memorial Ireny Warakomskiej - Open C"]
[Site "Suwalki"]
[Date "2019.08.12"]
[Round "3.9"]
[White "Cwiek, Stefan"]
[Black "Kieca, Aleksandra"]
[Result "1-0"]
[WhiteTitle ""]
[BlackTitle ""]
[WhiteElo "1365"]
[BlackElo "1453"]

1. e4 c5 2. c3 d5 3. exd5 Qxd5 4. d4 cxd4 5. cxd4 Nc6 6. Nf3 e6 7. Nc3 Qd8 8. Bb5
Nf6 9. Bxc6+ bxc6 10. O-O Bd6 11. Bg5 O-O 12. Ne4 Be7 13. Bxf6 Bxf6 14. Rc1 Be7
15. Ne5 Bb7 16. Qa4 Bd6 17. Nxd6 Qxd6 18. Nxc6 Bxc6 19. Rxc6 Qd7 20. Ra6 Rfd8
21. Qxd7 Rxd7 22. Ra4 Rad8 23. Rc1 e5 24. Kf1 exd4 25. Ke2 Kf8 26. Kd3 Ke7 27.
Rcc4 Rb8 28. b3 Rbb7 29. Rxd4 Rxd4+ 30. Kxd4 Rc7 31. Rc4 Rb7 32. b4 Kd6 33. a4
Re7 34. Rc2 Rb7 35. b5 Rb6 36. Rc5 Kd7 37. a5 Rh6 38. Rd5+ Kc7 39. h3 Rg6 40.
g3 Rf6 41. f4 Re6 42. Re5 Rd6+ 43. Kc5 Rd7 44. Re3 h6 45. b6+ axb6+ 46. axb6+
Kb7 47. Ra3 Kb8 48. Kc6 Rd1 49. Rc3 Rb1 50. Re3 Rc1+ 51. Kd6 Rh1 52. h4 Rd1+ 53.
Ke7 f6 54. Kf7 Rd7+ 55. Re7 Rd3 56. Kxg7 Rxg3+ 57. Kxf6 Rg4 58. f5 Rxh4 59. Kg6
Rc4 60. Kxh6 Rc6+ 61. Re6 1-0

[Event "III Miedzynarodowy Memorial Ireny Warakomskiej - Open C"]
[Site "Suwalki"]
[Date "2019.08.12"]
[Round "3.10"]
[White "Wojtacha, Krzysztof"]
[Black "Gladyszewski, Adam "]
[Result "1-0"]
[WhiteTitle ""]
[BlackTitle ""]
[WhiteElo "1446"]
[BlackElo "1216"]

1. e4 c5 2. Nf3 g6 3. d4 cxd4 4. Nxd4 Bg7 5. Nc3 d6 6. Be3 Nf6 7. f3 a6 8. Qd2
Nc6 9. O-O-O O-O 10. Bc4 Bd7 11. Nxc6 Bxc6 12. Bh6 Rc8 13. Bb3 b5 14. h4 a5 15.
h5 a4 16. Bd5 Bxd5 17. Nxd5 Nxd5 18. Bxg7 Kxg7 19. Qxd5 Rc5 20. Qd4+ e5 21. Qxd6
Qxd6 22. Rxd6 Rfc8 23. h6+ Kf8 24. Rd2 Ke7 25. c3 b4 26. Rd5 bxc3 27. Rxc5 cxb2+
28. Kxb2 Rxc5 29. Rh2 Kf6 30. Rh1 Rc4 31. Rd1 Rd4 32. Rxd4 exd4 33. Kc2 Ke5 34.
Kd3 f5 35. exf5 Kxf5 36. g3 Kg5 37. Kxd4 Kxh6 38. Kc4 Kg5 39. Kb4 h5 40. Kxa4
Kf5 41. Kb4 Ke6 42. a4 Kd6 43. Kc4 g5 44. Kd4 g4 45. fxg4 hxg4 1-0

[Event "III Miedzynarodowy Memorial Ireny Warakomskiej - Open C"]
[Site "Suwalki"]
[Date "2019.08.12"]
[Round "3.11"]
[White "Walendykiewicz, Martyna"]
[Black "Owczarek, Monika "]
[Result "0-1"]
[WhiteTitle ""]
[BlackTitle ""]
[WhiteElo "1253"]
[BlackElo "1439"]

1. e4 c5 2. Nf3 Nc6 3. d4 cxd4 4. Nxd4 g6 5. Be3 Bg7 6. Nc3 d6 7. Bc4 Nf6 8. Nxc6
bxc6 9. Qd2 Ng4 10. Bf4 h6 11. h3 Ne5 12. Be2 h5 13. O-O Qa5 14. Nd1 Qxd2 15.
Bxd2 O-O 16. Bc3 c5 17. Rb1 Bb7 18. Bxe5 Bxe5 19. Bd3 Bc6 20. Ne3 Rab8 21. c3
Bg7 22. Nd1 Rb6 23. b3 Rfb8 24. Rc1 a5 25. Nb2 R6b7 26. Rfe1 Ra7 27. Bc4 a4 28.
Nxa4 Bxa4 29. bxa4 Rxa4 30. Bb3 Ra3 31. Rc2 Rc8 32. c4 Be5 33. g3 g5 34. Kg2 Kg7
35. Rf1 Rg8 36. Kf3 Kf6 37. Ke3 Bd4+ 38. Kd3 Ke6 39. Rd2 f5 40. exf5+ Kxf5 41.
Re2 e5 42. Re4 g4 43. h4 Ke6 44. Re2 Rf8 45. Rd2 Rf3+ 46. Ke4 Ra7 47. Bd1 Rc3
48. Be2 Rca3 49. f3 Re3# 0-1

[Event "III Miedzynarodowy Memorial Ireny Warakomskiej - Open C"]
[Site "Suwalki"]
[Date "2019.08.12"]
[Round "3.12"]
[White "Bednarska, Julita"]
[Black "Wydornik, Robert "]
[Result "1/2-1/2"]
[WhiteTitle ""]
[BlackTitle ""]
[WhiteElo "1436"]
[BlackElo "1391"]

1. e4 c5 2. Nf3 d6 3. d4 cxd4 4. Nxd4 Nf6 5. Nc3 g6 6. Be2 Bg7 7. O-O O-O 8. Be3
Nc6 9. Nb3 Bd7 10. f4 a6 11. Kh1 Qc8 12. Rb1 Bg4 13. Nd5 Bxe2 14. Qxe2 Nxd5 15.
exd5 Nb4 16. Bd4 Nxd5 17. Bxg7 Kxg7 18. c4 Nb6 19. Qxe7 Nxc4 20. Rbc1 Re8 21.
Qg5 h6 22. Qd5 b5 23. Nd2 Qe6 24. Qxe6 fxe6 25. Nxc4 bxc4 26. Rxc4 Rac8 27. Rfc1
Rxc4 28. Rxc4 Rb8 29. b3 Rb5 30. g3 Rc5 31. Rxc5 dxc5 32. Kg2 Kf6 33. Kf3 e5 34.
fxe5+ Kxe5 35. Ke3 Kf5 36. Kf3 h5 37. h3 g5 38. g4+ hxg4+ 39. hxg4+ Ke5 40. Ke3
a5 41. a4 Kd6 42. Ke4 Ke6 43. Kd3 Kd5 44. Kc3 Kd6 45. Kc4 Kc6 46. Kc3 Kd6 1/2-1/2

[Event "III Miedzynarodowy Memorial Ireny Warakomskiej - Open C"]
[Site "Suwalki"]
[Date "2019.08.12"]
[Round "3.14"]
[White "Kaminski, Lukasz "]
[Black "Sprzeczka, Emilia"]
[Result "1-0"]
[WhiteTitle ""]
[BlackTitle ""]
[WhiteElo "1425"]
[BlackElo "1276"]

1. e4 e5 2. Nf3 Nc6 3. c3 Nf6 4. Qc2 Bc5 5. Bc4 d6 6. a4 a5 7. h3 O-O 8. O-O Be6
9. Bxe6 fxe6 10. Re1 Nh5 11. d3 Qf6 12. Be3 Bxe3 13. fxe3 Qg6 14. Qf2 Rf7 15.
Nbd2 Raf8 16. Kh2 d5 17. Qh4 d4 18. Nc4 Nf4 19. exf4 Rxf4 20. Qg5 Qxg5 21. Nxg5
Rf2 22. Nxe6 R8f7 23. Kg1 dxc3 24. bxc3 Rc2 25. Rf1 Rxc3 26. Rxf7 Kxf7 27. Nxc7
Rxd3 28. Rf1+ Kg6 29. Rf5 Rd4 30. Nxe5+ Nxe5 31. Rxe5 Rxa4 32. Kf2 Ra2+ 33. Kf3
a4 34. g3 a3 35. Ra5 Ra1 36. Nd5 b5 37. Nb4 Rb1 38. Nc2 b4 39. Nxb4 Rxb4 40. Rxa3
Rb5 1-0

[Event "III Miedzynarodowy Memorial Ireny Warakomskiej - Open C"]
[Site "Suwalki"]
[Date "2019.08.12"]
[Round "3.15"]
[White "Olszewski, Piotr "]
[Black "Oborska, Magda "]
[Result "0-1"]
[WhiteTitle ""]
[BlackTitle ""]
[WhiteElo "1125"]
[BlackElo "1422"]

1. e4 e5 2. Nf3 Nc6 3. c3 d6 4. d4 Bg4 5. Bb5 exd4 6. cxd4 d5 7. e5 Bb4+ 8. Nc3
Nge7 9. Bg5 Qd7 10. a3 Bxc3+ 11. bxc3 a6 12. Ba4 b5 13. Bc2 h6 14. Bxe7 Nxe7 15.
a4 O-O 16. axb5 axb5 17. Rxa8 Rxa8 18. O-O Ra3 19. Bb3 Bxf3 20. gxf3 Ng6 21. Re1
Qh3 22. Bxd5 Nf4 23. Bxf7+ Kxf7 24. e6+ Ke7 0-1

[Event "III Miedzynarodowy Memorial Ireny Warakomskiej - Open C"]
[Site "Suwalki"]
[Date "2019.08.12"]
[Round "3.16"]
[White "Szczygiel, Antoni"]
[Black "Chiszko, Wiktoria"]
[Result "1/2-1/2"]
[WhiteTitle ""]
[BlackTitle ""]
[WhiteElo "1393"]
[BlackElo "1046"]

1. e4 e5 2. Nf3 Nc6 3. Bb5 Nf6 4. O-O d6 5. d4 Bd7 6. Bxc6 Bxc6 7. dxe5 dxe5 8.
Qxd8+ Rxd8 9. Nxe5 Bxe4 10. Re1 Be7 11. c3 h5 12. Nd2 Bd3 13. Nxd3 Rxd3 14. Nb3
O-O 15. Bg5 Rd7 16. h3 Nd5 17. Bxe7 Rxe7 18. Rxe7 Nxe7 19. Nd4 g6 20. Kf1 Nd5
21. Re1 Rd8 22. g3 Rd7 23. a3 Kg7 24. Re2 Kf8 25. Ke1 Kg7 26. Rd2 Nf6 27. f3 c5
28. Nb3 Rxd2 29. Kxd2 1/2-1/2

[Event "III Miedzynarodowy Memorial Ireny Warakomskiej - Open C"]
[Site "Suwalki"]
[Date "2019.08.12"]
[Round "3.17"]
[White "Pajak, Radoslaw"]
[Black "Bartnik, Michal"]
[Result "0-1"]
[WhiteTitle ""]
[BlackTitle ""]
[WhiteElo "1343"]
[BlackElo "1210"]

1. e4 c5 2. Nc3 Nc6 3. Nf3 Nf6 4. Be2 e6 5. O-O d5 6. exd5 exd5 7. d4 c4 8. Re1
Be7 9. b3 cxb3 10. axb3 O-O 11. Bb5 Bd7 12. Ba3 Bxa3 13. Rxa3 a6 14. Bxc6 Bxc6
15. h3 Rc8 16. Ne5 Qc7 17. Ra2 Be8 18. Ne2 Ne4 19. f3 Nc3 20. Nxc3 Qxc3 21. Kf2
f6 22. Ng4 Bg6 23. Ne3 Rfd8 24. Re2 Kf8 25. Qd2 Rd7 26. Qxc3 Rxc3 27. Ra5 Bf7
28. Nd1 Rc6 29. c3 Rdc7 30. Re3 Bg6 31. Ra2 Re7 32. Rxe7 Kxe7 33. Re2+ Kd6 34.
b4 Rc4 35. h4 a5 36. bxa5 Ra4 37. g4 Rxa5 38. h5 Bf7 39. f4 Be6 40. f5 Bd7 41.
Kf3 h6 42. Rb2 Bc6 43. Re2 Bd7 44. Ne3 Ra3 45. Rc2 Ba4 46. Rc1 b5 0-1

[Event "III Miedzynarodowy Memorial Ireny Warakomskiej - Open C"]
[Site "Suwalki"]
[Date "2019.08.12"]
[Round "3.18"]
[White "Chomicki, Kornel "]
[Black "Bednarski, Pawel "]
[Result "1/2-1/2"]
[WhiteTitle ""]
[BlackTitle ""]
[WhiteElo "1334"]
[BlackElo "1135"]

1. e4 e5 2. Nf3 Nc6 3. Bc4 Bc5 4. c3 d6 5. d4 exd4 6. cxd4 Bb4+ 7. Bd2 Bxd2+ 8.
Nbxd2 Nge7 9. d5 Ne5 10. Nxe5 dxe5 11. Nf3 Bg4 12. h3 Bh5 13. g4 Bg6 14. Nd2 O-O
15. Qf3 Qd6 16. h4 f6 17. h5 Bf7 18. Qc3 c6 19. dxc6 Nxc6 20. Bxf7+ Kxf7 21. Qb3+
Qe6 22. Qxb7+ Kg8 23. Qb3 Nd4 24. Qxe6+ Nxe6 25. b3 Nd4 26. Rc1 Rac8 27. Rxc8
Rxc8 1/2-1/2

[Event "III Miedzynarodowy Memorial Ireny Warakomskiej - Open C"]
[Site "Suwalki"]
[Date "2019.08.12"]
[Round "3.20"]
[White "Gladyszewska, Kinga"]
[Black "Niedorys, Karolina "]
[Result "0-1"]
[WhiteTitle ""]
[BlackTitle ""]
[WhiteElo "1235"]
[BlackElo "1329"]

1. e4 c5 2. Nf3 d6 3. d4 cxd4 4. Nxd4 Nf6 5. Nc3 g6 6. Bc4 Bg7 7. Be3 O-O 8. f3
Nc6 9. Qd2 Qc7 10. Bb3 a6 11. O-O-O Bd7 12. h4 h5 13. Bh6 Nxd4 14. Bxg7 Kxg7 15.
Qxd4 Be6 16. Rhg1 Rac8 17. g4 Kh7 18. gxh5 Nxh5 19. Qe3 Nf4 20. Kb1 b5 21. a3
Qc5 0-1

[Event "III Miedzynarodowy Memorial Ireny Warakomskiej - Open C"]
[Site "Suwalki"]
[Date "2019.08.12"]
[Round "3.21"]
[White "Borowik, Monika"]
[Black "Szczygiel, Wojciech"]
[Result "1-0"]
[WhiteTitle ""]
[BlackTitle ""]
[WhiteElo "1216"]
[BlackElo "1313"]

1. e4 e6 2. Nf3 d5 3. e5 c5 4. d4 Qb6 5. Nc3 Nc6 6. Bb5 Bd7 7. Bxc6 Bxc6 8. O-O
Rc8 9. Rb1 cxd4 10. Nxd4 a6 11. Be3 Qc7 12. f4 Bb4 13. Qg4 Bf8 14. Rbe1 Nh6 15.
Qg5 Qe7 16. Qg3 Kd7 17. f5 Nxf5 18. Nxf5 exf5 19. Rxf5 Qe6 20. Ref1 Kc7 21. Ba7
Re8 22. Rxf7+ Re7 23. Rxf8 Rxf8 24. Rxf8 Be8 25. Bc5 Rd7 26. Rxe8 1-0

[Event "III Miedzynarodowy Memorial Ireny Warakomskiej - Open C"]
[Site "Suwalki"]
[Date "2019.08.12"]
[Round "3.23"]
[White "Gres, Rafal"]
[Black "Szczotka, Matylda"]
[Result "0-1"]
[WhiteTitle ""]
[BlackTitle ""]
[WhiteElo "1214"]
[BlackElo "1298"]

1. e4 e5 2. Nf3 Nc6 3. Bc4 Bc5 4. b4 Bxb4 5. c3 Ba5 6. d4 exd4 7. Qb3 Qe7 8. O-O
Bxc3 9. Nxc3 dxc3 10. Qxc3 Qf6 11. e5 Qe7 12. Re1 Qb4 13. Qd3 Na5 14. Bxf7+ Kxf7
15. Qd5+ Ke8 16. Bd2 Ne7 17. Qxa5 Qxa5 18. Bxa5 b6 19. Bc3 Nd5 20. Bd2 h6 21.
Rad1 Bb7 22. Nd4 Kf7 23. f4 Rae8 24. g3 Rhf8 25. Bc1 Nc3 26. Rd2 Rc8 27. Ba3 Rfe8
28. Rc2 Nd5 29. Rec1 Ba6 30. Nf5 Bd3 31. Nxh6+ gxh6 32. Rd2 Be4 33. Rd4 Bf3 34.
Kf2 Bg4 35. Rxd5 Be6 36. Rd2 Rg8 37. Ke3 c5 38. Ke4 Rg4 39. Rg2 Ke7 40. h3 Rgg8
41. f5 Bf7 42. g4 d6 43. e6 Be8 44. Kf4 Bc6 45. Rd2 Rgf8 46. Bb2 Rg8 47. h4 Rcf8
48. h5 Rg5 49. Rg1 Rfxf5+ 50. gxf5 Rxg1 51. Re2 Rf1+ 52. Kg3 Rxf5 53. Bg7 Rg5+
0-1

[Event "III Miedzynarodowy Memorial Ireny Warakomskiej - Open C"]
[Site "Suwalki"]
[Date "2019.08.12"]
[Round "3.25"]
[White "Milewski, Mateusz"]
[Black "Dietrich, Pawel"]
[Result "1-0"]
[WhiteTitle ""]
[BlackTitle ""]
[WhiteElo "1207"]
[BlackElo "1244"]

1. e4 c5 2. Nf3 d6 3. d4 cxd4 4. Nxd4 Nf6 5. f3 Nc6 6. c4 Nxd4 7. Qxd4 g6 8. Nc3
Bg7 9. Qd1 O-O 10. Be3 Be6 11. Qc2 Rc8 12. b3 Qa5 13. Rc1 b5 14. Bd2 b4 15. Nd1
Qb6 16. Be3 Qb7 17. Qd2 Nd7 18. Bd4 Ne5 19. Ne3 f5 20. exf5 Bxf5 21. Nxf5 Rxf5
22. Be2 Nc6 23. Bxg7 Kxg7 24. O-O Qb6+ 25. Kh1 Nd4 26. Rf2 Rcc5 27. Bd3 Rfe5 1-0

[Event "III Miedzynarodowy Memorial Ireny Warakomskiej - Open C"]
[Site "Suwalki"]
[Date "2019.08.12"]
[Round "3.26"]
[White "Makarec, Anna"]
[Black "Sivickis, Andrejus "]
[Result "0-1"]
[WhiteTitle ""]
[BlackTitle ""]
[WhiteElo "1099"]
[BlackElo "1206"]

1. e4 c5 2. Nc3 Nc6 3. g3 g6 4. Bg2 Bg7 5. d3 Nf6 6. a3 O-O 7. Be3 d6 8. Qd2 Nd4
9. Nge2 e5 10. O-O Bd7 11. Rac1 Qc8 12. Kh1 b5 13. Nd5 Nxd5 14. exd5 Bh3 15. Bxh3
Nf3 16. Kg2 Nxd2 17. Bxc8 Nxf1 18. Rxf1 Raxc8 19. Nc3 a6 20. Ne4 Rcd8 21. b3 h6
22. Rh1 f5 23. Nd2 f4 24. gxf4 exf4 25. Bxc5 dxc5 26. c4 g5 27. f3 Rde8 28. Ne4
Rxe4 29. dxe4 bxc4 30. bxc4 Rb8 31. Rd1 Rb2+ 32. Kh3 Rb3 0-1

[Event "III Miedzynarodowy Memorial Ireny Warakomskiej - Open C"]
[Site "Suwalki"]
[Date "2019.08.12"]
[Round "3.27"]
[White "Dietrich, Grzegorz "]
[Black "Wiszniewska, Gabriela"]
[Result "1-0"]
[WhiteTitle ""]
[BlackTitle ""]
[WhiteElo "1203"]
[BlackElo "1100"]

1. e4 e5 2. Nf3 Nc6 3. d4 exd4 4. Bc4 d6 5. Nxd4 Nxd4 6. Qxd4 Qf6 7. Qd3 Ne7 8.
Nc3 a6 9. O-O Nc6 10. Nd5 Qd8 11. Bd2 Ne5 12. Qb3 Rb8 13. Nf4 Nxc4 14. Qxc4 c6
15. Rfe1 Be7 16. Bc3 O-O 17. Nh5 Be6 18. Qd4 f6 19. Qe3 Bf7 20. Ng3 Re8 21. Nf5
Bg6 22. Qg3 Bxf5 23. exf5 d5 24. Re6 Bf8 25. Rxf6 d4 26. Rxf8+ Rxf8 27. Rd1 dxc3
28. Rxd8 Rbxd8 29. h3 cxb2 30. Qb3+ Rf7 31. Qxb2 Rd1+ 32. Kh2 Rd2 33. Kg3 Rxf5
34. Qxb7 Rxc2 35. Qc8+ Rf8 36. Qxa6 Rfxf2 37. Qc8+ Rf8 38. Qe6+ Rf7 39. Qb3 Rc5
40. a4 Rg5+ 41. Kh2 1-0

[Event "III Miedzynarodowy Memorial Ireny Warakomskiej - Open C"]
[Site "Suwalki"]
[Date "2019.08.12"]
[Round "3.30"]
[White "Stupak, Aleksandra "]
[Black "Walkowska, Wieslawa"]
[Result "1-0"]
[WhiteTitle ""]
[BlackTitle ""]
[WhiteElo "1126"]
[BlackElo "1072"]

1. e4 e5 2. Nf3 Nc6 3. Bc4 Nf6 4. Nc3 Bc5 5. d3 d6 6. h3 Bd7 7. Be3 Bxe3 8. fxe3
O-O 9. O-O Na5 10. Bb5 a6 11. Bxd7 Qxd7 12. Nh4 Qc6 13. Qf3 b5 14. Nf5 Qd7 15.
Qg3 Nh5 16. Qg4 g6 17. Nh6+ Kg7 18. Qxd7 Kxh6 19. Qxc7 b4 20. Nd5 Rac8 21. Qxa5
Rxc2 22. Qxb4 Ng3 23. Rf3 Ne2+ 24. Kh2 Nc1 25. Qe1 Nxd3 26. Qh4+ Kg7 27. Qf6+
Kg8 28. Ne7# 1-0

[Event "III Miedzynarodowy Memorial Ireny Warakomskiej - Open C"]
[Site "Suwalki"]
[Date "2019.08.12"]
[Round "3.35"]
[White "Kudraszow, Filip "]
[Black "Kruszynski, Jacek"]
[Result "1-0"]
[WhiteTitle ""]
[BlackTitle ""]
[WhiteElo "1056"]
[BlackElo "1104"]

1. e4 c5 2. Nf3 d6 3. Bb5+ Bd7 4. Bxd7+ Nxd7 5. c4 Ngf6 6. Nc3 g6 7. d4 cxd4 8.
Nxd4 Bg7 9. Be3 Rc8 10. b3 Nc5 11. Qc2 Ng4 12. O-O O-O 13. Qe2 Nf6 14. Qc2 a6
15. Rac1 Ng4 16. Qe2 Nxe3 17. Qxe3 Rc7 18. Rc2 Qd7 19. Nd5 Rc6 20. Nxc6 bxc6 21.
Nc3 Ne6 22. Rd1 f5 23. e5 f4 24. Qe1 f3 25. exd6 exd6 26. Ne4 Be5 27. Ng3 Bxg3
28. hxg3 Re8 29. Qd2 Rd8 30. Qe3 fxg2 31. Kxg2 Ng7 32. Rcd2 Nf5 33. Qf4 Qe6 34.
Qg5 Rd7 35. Qf4 h6 36. Qf3 Rc7 37. Qe2 Qf7 38. Re1 Re7 39. Qd1 Rxe1 40. Qxe1 d5
41. cxd5 cxd5 42. Qe5 Ne7 43. Re2 Nc6 44. Qe8+ Qxe8 45. Rxe8+ Kf7 46. Re1 g5 47.
Kf3 h5 48. Rh1 Kg6 49. Re1 Kf5 50. Re8 Nd4+ 51. Ke3 Ne6 52. Ra8 Nc7 53. Ra7 d4+
54. Ke2 Nb5 55. Rxa6 Kg4 56. a4 Nc3+ 57. Kd3 Nd1 58. Rf6 Nxf2+ 59. Rxf2 Kxg3 60.
Ra2 h4 61. a5 h3 62. a6 h2 63. Rxh2 Kxh2 64. a7 g4 65. a8=Q g3 66. Qh8+ Kg1 67.
b4 g2 68. b5 Kf1 69. Qf8+ Ke1 70. Qe7+ Kd1 71. Qe2+ 1-0

[Event "III Miedzynarodowy Memorial Ireny Warakomskiej - Open C"]
[Site "Suwalki"]
[Date "2019.08.12"]
[Round "4.1"]
[White "Oborska, Magda "]
[Black "Czarniecki, Pawel"]
[Result "1/2-1/2"]
[WhiteTitle ""]
[BlackTitle ""]
[WhiteElo "1422"]
[BlackElo "1570"]

1. e4 c5 2. Nf3 e6 3. d4 cxd4 4. Nxd4 a6 5. a3 Nf6 6. Nc3 Qc7 7. Be3 b5 8. g3 Bb7
9. Bg2 Be7 10. O-O O-O 11. Re1 d6 12. Qd3 Nbd7 13. Nf3 Rfd8 14. Rad1 Rac8 15.
Rd2 Nc5 16. Bxc5 dxc5 17. Qe2 Rxd2 18. Nxd2 Rd8 19. e5 Nd5 20. Nxd5 Bxd5 21. Bxd5
Rxd5 22. f4 c4 23. Ne4 Bc5+ 24. Nxc5 Qxc5+ 25. Qf2 Qd4 26. Qxd4 Rxd4 27. Kf2 Kf8
28. Ke3 Rd5 29. a4 b4 30. Ke2 f6 31. exf6 gxf6 32. Kf3 Ke7 33. Re4 Rc5 34. g4
a5 35. h4 h6 36. Ke3 c3 37. b3 Rd5 38. Rd4 Kd6 39. g5 fxg5 40. fxg5 hxg5 41. hxg5
Ke5 42. Rxd5+ exd5 43. g6 Kf6 44. Kd4 Kxg6 45. Kxd5 Kf5 46. Kc5 Ke4 47. Kb5 Ke3
48. Kxa5 Kd2 49. Kxb4 Kxc2 50. a5 Kb2 51. a6 c2 52. a7 c1=Q 53. a8=Q Qc3+ 54.
Kb5 Qxb3+ 55. Kc5 1/2-1/2

[Event "III Miedzynarodowy Memorial Ireny Warakomskiej - Open C"]
[Site "Suwalki"]
[Date "2019.08.12"]
[Round "4.2"]
[White "Niedorys, Karolina "]
[Black "Konewko, Konrad"]
[Result "0-1"]
[WhiteTitle ""]
[BlackTitle ""]
[WhiteElo "1329"]
[BlackElo "1544"]

1. e4 c5 2. Nf3 Nc6 3. Bb5 g6 4. Bxc6 dxc6 5. d3 Bg7 6. O-O Qc7 7. Nc3 Nf6 8. h3
O-O 9. Be3 b6 10. Qc1 Ba6 11. Bh6 Rfd8 12. Bxg7 Kxg7 13. Re1 e5 14. Qg5 Re8 15.
Nh4 Ng8 16. Ne2 Kh8 17. Nf3 Qe7 18. Qg3 Nf6 19. Qg5 Nh5 20. Qh6 f6 21. g4 Ng7
22. Nh4 Qf7 23. Qe3 Ne6 24. Rf1 c4 25. Rad1 cxd3 26. cxd3 Rad8 27. b4 Rd6 28.
Nf3 Red8 29. Ne1 Qd7 30. f4 Bxd3 31. fxe5 fxe5 32. Nxd3 Rxd3 33. Rxd3 Qxd3 34.
Qxd3 Rxd3 35. Kg2 Re3 36. Ng3 Nd4 37. Rf2 Rf3 38. Rf1 Re3 39. Kf2 Rf3+ 40. Kg2
Rd3 41. Kf2 Rd2+ 42. Kg1 Rb2 43. h4 Rxb4 44. h5 Kg7 0-1

[Event "III Miedzynarodowy Memorial Ireny Warakomskiej - Open C"]
[Site "Suwalki"]
[Date "2019.08.12"]
[Round "4.3"]
[White "Kutylo, Konrad "]
[Black "Zydorczak, Marek "]
[Result "1-0"]
[WhiteTitle ""]
[BlackTitle ""]
[WhiteElo "1303"]
[BlackElo "1521"]

1. d4 e6 2. c4 Nf6 3. Nc3 Bb4 4. Qc2 b6 5. a3 Bxc3+ 6. Qxc3 Bb7 7. Bg5 d6 8. f3
h6 9. Bh4 g5 10. Bf2 Nbd7 11. e4 Qe7 12. O-O-O O-O-O 13. Ne2 Nh5 14. d5 exd5 15.
cxd5 Rhf8 16. Nd4 Qe5 17. Qc2 Rde8 18. Nb5 Nc5 19. b4 a6 20. bxc5 axb5 21. cxb6
Re7 22. Bxb5 Qf4+ 23. Kb1 f5 24. Bd3 g4 1-0

[Event "III Miedzynarodowy Memorial Ireny Warakomskiej - Open C"]
[Site "Suwalki"]
[Date "2019.08.12"]
[Round "4.4"]
[White "Arciszewska, Zuzanna "]
[Black "Kitewski, Bartosz"]
[Result "1-0"]
[WhiteTitle ""]
[BlackTitle ""]
[WhiteElo "1499"]
[BlackElo "1479"]

1. d4 Nf6 2. Nf3 d5 3. Bf4 c5 4. e3 Nc6 5. dxc5 e6 6. Be2 Bxc5 7. O-O O-O 8. c4
a6 9. Nc3 dxc4 10. Bxc4 b5 11. Bb3 Bb7 12. Rc1 Qb6 13. Qc2 Nb4 14. Qe2 Rac8 15.
a3 Nbd5 16. Nxd5 Nxd5 17. Be5 Rfd8 18. Bd4 Nf4 19. exf4 Bxd4 20. Nxd4 Qxd4 21.
f5 exf5 22. Qe7 Bd5 23. Rxc8 Rxc8 24. Qd7 Rf8 25. Bxd5 Qxb2 26. Qe7 g6 27. g3
a5 28. Re1 b4 29. axb4 axb4 30. Qb7 Kg7 31. Re7 Qf6 32. Qxb4 f4 33. Re4 Rd8 34.
Qd4 f3 35. Qxf6+ Kxf6 36. Rf4+ 1-0

[Event "III Miedzynarodowy Memorial Ireny Warakomskiej - Open C"]
[Site "Suwalki"]
[Date "2019.08.12"]
[Round "4.5"]
[White "Owczarek, Monika "]
[Black "Sapinski, Sebastian"]
[Result "0-1"]
[WhiteTitle ""]
[BlackTitle ""]
[WhiteElo "1439"]
[BlackElo "1495"]

1. Nf3 e6 2. c4 Nf6 3. g3 d5 4. Bg2 Be7 5. d3 O-O 6. Qc2 b6 7. Nbd2 Bb7 8. b3 c5
9. O-O Qc7 10. e3 Nc6 11. d4 Rfd8 12. dxc5 Bxc5 13. Bb2 d4 14. exd4 Nxd4 15. Nxd4
Bxd4 16. Bxb7 Qxb7 17. Rad1 Bxb2 18. Qxb2 Rd6 19. Qc2 Rad8 20. Nb1 Qe4 21. Rxd6
Rxd6 22. Qxe4 Nxe4 23. Re1 f5 24. h4 Kf7 25. Kf1 Kf6 26. Ke2 h6 27. Rg1 g5 28.
f3 Nc5 29. hxg5+ hxg5 30. Nc3 a6 31. Rh1 Rd8 32. b4 Nd7 33. Rd1 Ke7 34. Na4 Rb8
35. a3 Rh8 36. Rc1 Rh2+ 37. Ke3 Rg2 38. c5 b5 39. Nb6 Rxg3 40. Kf2 Rh3 41. Nxd7
Kxd7 42. Rd1+ Ke7 43. c6 Rh2+ 44. Kg3 Rc2 45. Rd7+ Kf6 46. c7 Ke5 47. Kh3 Kf4
48. Rd4+ Kxf3 49. Rd6 Rxc7 50. Rd3+ Ke4 51. Rd6 Rc3+ 52. Kg2 Rxa3 53. Rxe6+ Kf4
0-1

[Event "III Miedzynarodowy Memorial Ireny Warakomskiej - Open C"]
[Site "Suwalki"]
[Date "2019.08.12"]
[Round "4.6"]
[White "Ptaszynski, Szymon "]
[Black "Pieczulis, Blazej"]
[Result "0-1"]
[WhiteTitle ""]
[BlackTitle ""]
[WhiteElo "1484"]
[BlackElo "1439"]

1. c4 c5 2. g3 g6 3. Bg2 Bg7 4. Nc3 Nc6 5. e3 e5 6. d3 Nge7 7. Nge2 O-O 8. O-O
d6 9. h3 Be6 10. Nd5 Rb8 11. Rb1 b5 12. Nxe7+ Nxe7 13. cxb5 Rxb5 14. b3 Qd7 15.
Kh2 Rc8 16. Bb2 Nd5 17. Bxd5 Bxd5 18. Nc3 Bc6 19. Nxb5 Bxb5 20. e4 d5 21. Re1
d4 22. Bc1 Qe6 23. f4 Qa6 0-1